[Event "GER-chT U12"]
[Site "Verden"]
[Date "2000.12.30"]
[Round "5.3"]
[White "Fischkin, Evgeni"]
[Black "Niethammer, Matthias"]
[Result "0-1"]
[WhiteElo "876"]
[BlackElo "954"]
[PlyCount "130"]
[EventDate "2000.12.26"]
[EventType "team"]
[EventRounds "7"]
[EventCountry "GER"]
[SourceTitle "EXT 2008"]
[Source "ChessBase"]
[SourceDate "2007.11.25"]
[SourceVersion "1"]
[SourceVersionDate "2007.11.25"]
[SourceQuality "1"]
[WhiteTeam "Makkabi Berlin U12"]
[BlackTeam "Wolfbusch U12"]
[WhiteTeamCountry "GER"]
[BlackTeamCountry "GER"]

1. e4 e5 2. Nf3 Nc6 3. Bb5 d6 4. d4 exd4 5. Nxd4 Nge7 6. 0-0 Bd7 7. Nxc6 Nxc6 8. Nc3 g6 9. Re1 Bg7 10. Bf4 0-0 11. Bxc6 Bxc6 12. Bg3 Re8 13. f4 Bxc3 14. bxc3 Rxe4 15. Rxe4 Bxe4 16. Qe2 Bc6 17. Re1 Qe8 18. Qd3 Qd7 19. Rd1 Re8 20. Rd2 Qe6 21. c4 Qe4 22. Qc3 Qe3+ 23. Qxe3 Rxe3 24. Bf2 Ra3 25. Bd4 f5 26. c3 Be4 27. Rb2 c5 28. Bf6 Kf7 29. Bh8 Ra4 30. g3 Rxc4 31. Kf2 Bd5 32. Ke2 Re4+ 33. Kf2 Re8 34. c4 Bxc4 35. Rxb7+ Re7 36. Rxe7+ Kxe7 37. Bc3 Bxa2 38. Ke3 d5 39. Kd3 Bb3 40. Be5 a5 41. Kc3 a4 42. Kb2 Kd7 43. Kc3 Kc6 44. Kb2 Kb6 45. h3 h5 46. h4 d4 47. Ka3 Kb5 48. Kb2 Kb4 49. Kb1 Kc3 50. Kc1 a3 51. Kb1 c4 52. Ka1 Kd3 53. g4 c3 54. Bxd4 c2 55. Bb2 axb2+ 56. Kxb2 fxg4 57. Kc1 g3 58. f5 gxf5 59. Kb2 g2 60. Kxb3 g1Q 61. Kb4 c1Q 62. Kb5 f4 63. Kb4 f3 64. Kb5 Qc4+ 65. Ka5 Qe1+ 0-1